| 000 | 01232nam a2200373 a 4500 | ||
|---|---|---|---|
| 001 | 000028712 | ||
| 003 | DO-SdBNP | ||
| 005 | 20241010102104.0 | ||
| 007 | 000028712 | ||
| 008 | 110411t2008 dr a 001 f spa d | ||
| 020 | _a9789945171631 | ||
| 040 |
_aBPMSU _bspa _cBPMSU |
||
| 082 | 4 |
_aRD863.5 _bR282d 2008 _222 |
|
| 100 | 1 |
_aRead Escobal, Virginia _d1963- |
|
| 245 | 1 | 0 |
_aDías de sol radiante / _cVirginia Read Escobal ; ilustraciones de Montserrat Ubach Figueras. |
| 260 |
_aSanto Domingo : _bEdiciones SM, _c2008. |
||
| 300 |
_a84 p. : _bil. ; _c19 cm. |
||
| 490 | 0 |
_aEl barco de vapor, _v6 |
|
| 500 | _aIncluye datos biográficos de la autora en la contracubierta. | ||
| 521 | 1 | _aA partir de 12 años. | |
| 586 | _aObra finalista “El barco de vapor”, 2007. | ||
| 590 | _aInventariado, 2024/VM | ||
| 650 | 4 | _aNovela juvenil dominicana | |
| 650 | 4 | _aLiteratura juvenil dominicana | |
| 700 | 1 |
_aUbach Figueras, Montserrat, _eilustración |
|
| 910 | _a VMateo V. Control de calidad. BPMSU | ||
| 930 | 1 |
_l _m _8 _f _p _g _h |
|
| 942 |
_2ddc _cBK |
||
| 956 |
_a _b _c _l _h |
||
| 956 |
_a _b _c _l _h |
||
| 956 |
_a _b _c _l _h |
||
| 956 |
_a _b _c _l _h |
||
| 956 |
_aVMATEO _b10 _c20110708 _lBPMSU _h0069 |
||
| 999 |
_c7302 _d7302 |
||